[Event "Chihuahua Bionext op"]
[Site "Chihuahua City"]
[Date "2019.11.28"]
[Round "1"]
[White "Macieja, Bartlomiej"]
[Black "Lugo Aldana, Alejandro"]
[Result "1-0"]
[WhiteElo "2513"]
[BlackElo "1570"]
[PlyCount "79"]
[EventDate "2019.11.28"]
[EventType "swiss"]
[EventRounds "7"]
[EventCountry "MEX"]
[SourceTitle "CBM 193 Extra"]
[Source "ChessBase"]
[SourceDate "2020.01.31"]
[SourceVersion "1"]
[SourceVersionDate "2020.01.31"]
[SourceQuality "1"]

1. e4 c5 2. Nf3 e6 3. d4 cxd4 4. Nxd4 a6 5. Bd3 Nf6 6. 0-0 Qc7 7. Nf3 d6 8. Bf4 Nbd7 9. Nbd2 Be7 10. a4 b6 11. Nc4 Bb7 12. Re1 Ng4 13. h3 Nge5 14. Nfxe5 Nxe5 15. Bxe5 dxe5 16. Qh5 Bf6 17. Ra3 Rb8 18. Ne3 0-0 19. Rc3 Qe7 20. Rb3 g6 21. Qe2 Bc6 22. Bxa6 Bxa4 23. Ra3 Bc6 24. Qc4 Bb7 25. Bxb7 Rxb7 26. Rea1 Qd7 27. Ra8 Rxa8 28. Rxa8+ Kg7 29. Qc8 Qxc8 30. Rxc8 Be7 31. Kf1 f5 32. Rc6 Kf7 33. Nc4 b5 34. Nxe5+ Kf6 35. Nd3 fxe4 36. Nc5 Bxc5 37. Rxc5 e5 38. Ke2 Kf5 39. Ke3 g5 40. g4+ 1-0